Religiosity and Healthy Lifestyle Behaviours in Malaysian Muslims: The Mediating Role of Subjective Well-Being and Self-Regulation
Past research on healthy lifestyle behaviours has been primarily conducted within Western or Judeo-Christian contexts, while non-Western or Muslim contexts remain under-represented. This study examined predictors of healthy lifestyle behaviours (religiosity, goal-setting, impulse control, and subjec...
| Authors: | ; ; |
|---|---|
| Format: | Electronic Article |
| Language: | English |
| Check availability: | HBZ Gateway |
| Interlibrary Loan: | Interlibrary Loan for the Fachinformationsdienste (Specialized Information Services in Germany) |
| Published: |
[2018]
|
| In: |
Journal of religion and health
Year: 2018, Volume: 57, Issue: 6, Pages: 2050-2065 |
| Further subjects: | B
Subjective well-being
B Healthy lifestyle behaviours B Religiosity B Self-regulation |
| Online Access: |
Volltext (Publisher) |
MARC
| LEADER | 00000naa a22000002c 4500 | ||
|---|---|---|---|
| 001 | 1583781560 | ||
| 003 | DE-627 | ||
| 005 | 20181116100434.0 | ||
| 007 | cr uuu---uuuuu | ||
| 008 | 181116s2018 xx |||||o 00| ||eng c | ||
| 024 | 7 | |a 10.1007/s10943-017-0420-2 |2 doi | |
| 035 | |a (DE-627)1583781560 | ||
| 035 | |a (DE-576)513781560 | ||
| 035 | |a (DE-599)BSZ513781560 | ||
| 040 | |a DE-627 |b ger |c DE-627 |e rda | ||
| 041 | |a eng | ||
| 084 | |a 0 |2 ssgn | ||
| 100 | 1 | |a Tey, Swan Ee |e VerfasserIn |4 aut | |
| 245 | 1 | 0 | |a Religiosity and Healthy Lifestyle Behaviours in Malaysian Muslims |b The Mediating Role of Subjective Well-Being and Self-Regulation |c Swan Ee Tey |
| 264 | 1 | |c [2018] | |
| 336 | |a Text |b txt |2 rdacontent | ||
| 337 | |a Computermedien |b c |2 rdamedia | ||
| 338 | |a Online-Ressource |b cr |2 rdacarrier | ||
| 520 | |a Past research on healthy lifestyle behaviours has been primarily conducted within Western or Judeo-Christian contexts, while non-Western or Muslim contexts remain under-represented. This study examined predictors of healthy lifestyle behaviours (religiosity, goal-setting, impulse control, and subjective well-being) in Malaysian Muslims and explored the mechanisms underlying the relationship between religiosity and healthy lifestyle behaviours. Self-report survey responses from 183 healthy adults (M age = 28.63 years, 18-50 years) were analysed using regression and multiple mediation analyses. The results indicated that subjective well-being emerged as the strongest predictor, followed by goal-setting. Furthermore, subjective well-being and goal-setting mediated the religiosity-healthy lifestyle behaviour relationship. The findings provide guidance for future health-promoting interventions. | ||
| 650 | 4 | |a Healthy lifestyle behaviours | |
| 650 | 4 | |a Religiosity | |
| 650 | 4 | |a Self-regulation | |
| 650 | 4 | |a Subjective well-being | |
| 700 | 1 | |a Golden, Karen Jennifer |e VerfasserIn |4 aut | |
| 700 | 1 | |a Park, Miriam Sang-Ah |e VerfasserIn |4 aut | |
| 773 | 0 | 8 | |i Enthalten in |t Journal of religion and health |d New York, NY [u.a.] : Springer Science + Business Media B.V., 1961 |g 57(2018), 6, Seite 2050-2065 |h Online-Ressource |w (DE-627)320578089 |w (DE-600)2017250-3 |w (DE-576)121466191 |x 1573-6571 |7 nnas |
| 773 | 1 | 8 | |g volume:57 |g year:2018 |g number:6 |g pages:2050-2065 |
| 856 | 4 | 0 | |u https://doi.org/10.1007/s10943-017-0420-2 |x Verlag |3 Volltext |7 1 |
| 951 | |a AR | ||
| ELC | |a 1 | ||
| ITA | |a 1 |t 1 | ||
| LOK | |0 000 xxxxxcx a22 zn 4500 | ||
| LOK | |0 001 3032583233 | ||
| LOK | |0 003 DE-627 | ||
| LOK | |0 004 1583781560 | ||
| LOK | |0 005 20181116100434 | ||
| LOK | |0 008 181116||||||||||||||||ger||||||| | ||
| LOK | |0 040 |a DE-Tue135 |c DE-627 |d DE-Tue135 | ||
| LOK | |0 092 |o n | ||
| LOK | |0 852 |a DE-Tue135 | ||
| LOK | |0 852 1 |9 00 | ||
| LOK | |0 935 |a ixzs |a ixzo | ||
| LOK | |0 939 |a 16-11-18 |b l01 | ||
| ORI | |a SA-MARC-ixtheoa001.raw | ||
| REL | |a 1 | ||
| SUB | |a REL | ||



